000 00512nam a2200169Ia 4500
008 240729s9999 xx 000 0 und d
022 _a2411-6696
245 0 _aMusicologica Austriaca
260 _aAustria
260 _bÖsterreichische Gesellschaft für Musikwissenschaft
650 _a Literature on music | Music and books on Music
650 _a Music
650 _aMusic and books on Music
856 _uhttps://doaj.org/toc/6b7bbb8e80f84c4598d267ce918d9ace
942 _2ddc
942 _cDOAJEJ
999 _c66343
_d66343
945 _a1
_bMadushi Gamage
_c1
_dMadushi Gamage